000 00756cam a22002651 4500
001 4279
003 BD-RjUL
005 20211208233850.0
008 131222s1960 ne b 001 0 eng
035 _a(BD-RjUL)4314
035 _a(OCoLC)2593755
040 _aDLC
_cFU-L
_dDLC
_dBD-RjUL
_beng
041 _aeng
082 _a386.43
_bOBI
100 2 _aObieta Chalbaud, José A.
_913553
245 1 4 _aThe international status of the Suez Canal /
_cWith a foreword by Richard R. Baxter.
260 _aThe Hague :
_bNijhoff,
_cc1960.
300 _aix, 137 p. ;
_c25 cm.
500 _aIncludes index.
504 _aBibliography: p. [128]-131.
651 0 _aSuez Canal (Egypt)
_913554
942 _2ddc
_cBK
999 _c4279
_d4279